Enfermeria sanitaria / (Record no. 38628)
[ view plain ]
| 000 -LEADER | |
|---|---|
| campo de control de longitud fija | 00786nam a2200277 4500 |
| 001 - NÚMERO DE CONTROL | |
| campo de control | SIABUC7-ficha_no(MFN):13142 |
| 003 - IDENTIFICADOR DE NÚMERO DE CONTROL | |
| campo de control | 017970 |
| 005 - FECHA Y HORA DE LA ÚLTIMA TRANSACCIÓN | |
| campo de control | 20230418124622.0 |
| 008 - DATOS DE LONGITUD FIJA--INFORMACIÓN GENERAL | |
| campo de control de longitud fija | 220711s1987 mx ||||g |||| ||spa d |
| 010 ## - NÚMERO DE CONTROL DE LA BIBLIOTECA DEL CONGRESO | |
| Número de control de LC | TIPO-2 |
| 011 ## - ENLACE DEL NUMERO DE CONTROL DE LA BIBLIOTECA DEL CONGRESO [OBSOLETO] | |
| Número de control de LC | 1987 |
| 020 ## - NÚMERO INTERNACIONAL ESTÁNDAR DEL LIBRO | |
| Número Internacional Estándar del Libro | 9682512638 |
| 041 ## - CÓDIGO DE IDIOMA | |
| Código de lengua del texto/banda sonora o título independiente | esp |
| 042 ## - CÓDIGO DE AUTENTICACIÓN | |
| Código de autenticación | mex |
| 082 ## - NÚMERO DE LA CLASIFICACIÓN DECIMAL DEWEY | |
| Número de clasificación | 610.734 |
| Número de ítem | L864e |
| 100 ## - ENTRADA PRINCIPAL--NOMBRE DE PERSONA | |
| Nombre de persona | Lopez Luna, Maria Concepcion |
| 9 (RLIN) | 94401 |
| 245 ## - MENCIÓN DEL TÍTULO | |
| Título | Enfermeria sanitaria / |
| Mención de responsabilidad, etc. | Maria Concepcion Lopez Luna; editor Javier Sanchez Orozco |
| 250 ## - MENCION DE EDICION | |
| Mención de edición | 1 ed. |
| 264 ## - PRODUCCIÓN, PUBLICACIÓN, DISTRIBUCIÓN, FABRICACIÓN Y COPYRIGHT | |
| Producción, publicación, distribución, fabricación y copyright | Mexico : |
| Nombre del de productor, editor, distribuidor, fabricante | Interamericana, |
| Fecha de producción, publicación, distribución, fabricación o copyright | 1987 |
| 300 ## - DESCRIPCIÓN FÍSICA | |
| Extensión | 237 p. : il. |
| 599 ## - | |
| -- | Con información de ANA01, completado con ANA02 |
| 650 ## - PUNTO DE ACCESO ADICIONAL DE MATERIA--TÉRMINO DE MATERIA | |
| Término de materia o nombre geográfico como elemento de entrada | Ciencias de la salud |
| 9 (RLIN) | 14934 |
| 650 ## - PUNTO DE ACCESO ADICIONAL DE MATERIA--TÉRMINO DE MATERIA | |
| Término de materia o nombre geográfico como elemento de entrada | Enfermeria |
| 9 (RLIN) | 37482 |
| 650 ## - PUNTO DE ACCESO ADICIONAL DE MATERIA--TÉRMINO DE MATERIA | |
| Término de materia o nombre geográfico como elemento de entrada | Salud publica |
| 942 ## - ELEMENTOS DE ENTRADA SECUNDARIOS (KOHA) | |
| Fuente del sistema de clasificación o colocación | Clasificación Decimal Dewey |
| Tipo de ítem Koha | Libros |
| Disponibilidad | Mostrar en OPAC | Especificación de materiales (volumen encuadernado u otra parte) | Tipo de Descarte | Restricción de Préstamo | Colección Asociada | Localización permanente | Localización actual | Localización en estanterías | Fecha de adquisición | Préstamos totales | Signatura topográfica completa | Código de barras | Prestado | Fecha última consulta | Fecha del último préstamo | Ejemplar | Precio de reemplazo | Tipo de ítem Koha |
|---|---|---|---|---|---|---|---|---|---|---|---|---|---|---|---|---|---|---|
| 61 | SI Permitido el Préstamo | Generalidades | Biblioteca Central Rafael Parga Cortes | Biblioteca Central Rafael Parga Cortes | Colección general | 02/03/2012 | 1 | 610.734 L864e | 017970 | 26/01/2026 | 26/01/2026 | 26/01/2026 | Ej. 1 | 18/04/2023 | Libros |








